[Event "San Francisco Neil Falconer op"]
[Site "San Francisco"]
[Date "2013.09.24"]
[Round "8"]
[White "Muller, Raymond"]
[Black "Newey, Richard H"]
[Result "0-1"]
[WhiteElo "1402"]
[BlackElo "1842"]
[PlyCount "70"]
[EventDate "2013.08.06"]
[EventType "swiss"]
[EventRounds "9"]
[EventCountry "USA"]
[SourceTitle "EXT 2016"]
[Source "ChessBase"]
[SourceDate "2015.10.08"]
[SourceVersion "1"]
[SourceVersionDate "2015.10.08"]
[SourceQuality "1"]

1. e4 c5 2. c3 Nc6 3. Nf3 e5 4. d4 cxd4 5. cxd4 Bb4+ 6. Bd2 exd4 7. Bxb4 Nxb4 8. Nxd4 Qf6 9. Nc3 Qxd4 10. Nb5 Qxe4+ 11. Be2 Nc2+ 12. Kf1 Kd8 13. Bd3 Ne3+ 14. fxe3 Qxe3 15. Qe2 Qc5 16. Re1 Nf6 17. Qe5 Qxe5 18. Rxe5 d5 19. Nc3 Be6 20. Bf5 Kd7 21. Kf2 g6 22. Bh3 Bxh3 23. gxh3 Rhe8 24. Rhe1 Rxe5 25. Rxe5 Re8 26. Rg5 d4 27. Nd5 Ne4+ 28. Kf1 Nxg5 29. Nf6+ Ke7 30. Nxe8 Kxe8 31. Ke2 Ke7 32. Kd3 Ne6 33. a4 Kd6 34. b4 Kd5 35. h4 Nf4+ 0-1

[Event "San Francisco Neil Falconer op"]
[Site "San Francisco"]
[Date "2013.09.10"]
[Round "6"]
[White "Muller, Raymond"]
[Black "Bachseitz, Martin"]
[Result "0-1"]
[WhiteElo "1402"]
[BlackElo "1631"]
[PlyCount "126"]
[EventDate "2013.08.06"]
[EventType "swiss"]
[EventRounds "9"]
[EventCountry "USA"]
[SourceTitle "EXT 2016"]
[Source "ChessBase"]
[SourceDate "2015.10.08"]
[SourceVersion "1"]
[SourceVersionDate "2015.10.08"]
[SourceQuality "1"]

1. e4 c5 2. c3 d5 3. exd5 Qxd5 4. d4 Nf6 5. Nf3 Bg4 6. Be2 e6 7. 0-0 Nc6 8. Be3 cxd4 9. cxd4 Be7 10. Nc3 Qd6 11. Nb5 Qd8 12. Bf4 Nd5 13. Bg3 a6 14. Nc3 0-0 15. Ne5 Bxe2 16. Qxe2 Nxd4 17. Qe4 Nf5 18. Nxd5 Qxd5 19. Qxd5 exd5 20. Nd7 Rfd8 21. Nb6 Nxg3 22. hxg3 Rab8 23. Rfd1 d4 24. Rac1 Bf6 25. Rc7 Be5 26. Re7 Bd6 27. Re4 Bc5 28. Na4 Ba7 29. b4 Kf8 30. Nc5 Bxc5 31. bxc5 Rbc8 32. Rexd4 Rxd4 33. Rxd4 Rxc5 34. Rd7 Rc1+ 35. Kh2 Rb1 36. Kh3 Rb2 37. f4 b5 38. a3 Rb3 39. Kg4 Rxa3 40. Rc7 b4 41. Kf5 Ra5+ 42. Ke4 Rb5 43. Rc8+ Ke7 44. Rc7+ Kd6 45. Rc2 f5+ 46. Ke3 Rc5 47. Rd2+ Rd5 48. Rb2 a5 49. Rb3 Kc5 50. Rb2 a4 51. Rc2+ Kb6 52. Rc8 Kb7 53. Rc4 Rb5 54. Kd2 a3 55. Kc2 b3+ 56. Kb1 b2 57. Ra4 Rb3 58. g4 fxg4 59. Ra5 Rc3 60. Rb5+ Kc6 61. Rb8 Rc1+ 62. Ka2 Ra1+ 63. Kb3 b1Q+ 0-1

[Event "San Francisco TNM Summer op"]
[Site "San Francisco"]
[Date "2013.06.18"]
[Round "4"]
[White "Muller, Raymond"]
[Black "Flores Gomez, David"]
[Result "1-0"]
[WhiteElo "1374"]
[BlackElo "1654"]
[PlyCount "43"]
[EventDate "2013.05.28"]
[EventType "swiss"]
[EventRounds "8"]
[EventCountry "USA"]
[SourceTitle "EXT 2016"]
[Source "ChessBase"]
[SourceDate "2015.10.08"]
[SourceVersion "1"]
[SourceVersionDate "2015.10.08"]
[SourceQuality "1"]

1. e4 c5 2. c3 Nf6 3. e5 Nd5 4. d4 e6 5. Nf3 Nc6 6. a3 cxd4 7. cxd4 b5 8. Nc3 Qa5 9. Bd2 Nxc3 10. Bxc3 Qb6 11. b4 Ne7 12. Bd3 Bb7 13. 0-0 Ng6 14. Nd2 Nh4 15. Be4 g5 16. g3 Nf5 17. Qf3 Bc6 18. d5 Bb7 19. dxe6 Bxe4 20. exf7+ Kxf7 21. Qxe4 Rc8 22. Qxf5+ 1-0

[Event "San Francisco TNM Summer op"]
[Site "San Francisco"]
[Date "2013.06.04"]
[Round "2"]
[White "Wong, Russell"]
[Black "Muller, Raymond"]
[Result "1-0"]
[WhiteElo "2209"]
[BlackElo "1374"]
[PlyCount "51"]
[EventDate "2013.05.28"]
[EventType "swiss"]
[EventRounds "8"]
[EventCountry "USA"]
[SourceTitle "EXT 2016"]
[Source "ChessBase"]
[SourceDate "2015.10.08"]
[SourceVersion "1"]
[SourceVersionDate "2015.10.08"]
[SourceQuality "1"]

1. e4 e6 2. d4 d5 3. Nd2 dxe4 4. Nxe4 Bd7 5. Bd3 Nf6 6. Bg5 Be7 7. Nxf6+ Bxf6 8. Be3 Bc6 9. Nf3 Nd7 10. Qe2 Qe7 11. 0-0 0-0-0 12. a4 Nb8 13. Ne5 Bxe5 14. dxe5 a6 15. c3 Qh4 16. f4 h6 17. b4 g5 18. b5 axb5 19. axb5 Bd5 20. c4 gxf4 21. Rxf4 Qg5 22. cxd5 Qxe5 23. Ra8 Rxd5 24. Bc4 Rc5 25. Bxc5 Qxf4 26. Bxe6+ 1-0

[Event "GER OS-181 email"]
[Site "GER email"]
[Date "2012.01.16"]
[Round "?"]
[White "Muller, Raymond"]
[Black "Luckerath, Heinz Josef"]
[Result "0-1"]
[WhiteElo "1492"]
[BlackElo "1640"]
[PlyCount "58"]
[EventDate "2012.01.22"]
[EventType "tourn (corr)"]
[EventRounds "6"]
[EventCountry "GER"]
[SourceTitle "Corr 2015"]
[Source "ChessBase"]
[SourceDate "2015.07.17"]
[SourceVersion "1"]
[SourceVersionDate "2015.07.17"]
[SourceQuality "1"]

1. d4 d5 2. Nf3 Nf6 3. e3 c5 4. c3 e6 5. Bd3 Bd6 6. 0-0 0-0 7. Nbd2 Nc6 8. Re1 Qc7 9. dxc5 Bxc5 10. Qc2 Bd7 11. h3 Rac8 12. Re2 h6 13. e4 dxe4 14. Nxe4 Nxe4 15. Bxe4 f5 16. Bd3 e5 17. Bc4+ Kh7 18. Be3 Bxe3 19. Rxe3 e4 20. Nd2 Ne5 21. Be2 Rcd8 22. Rd1 Be8 23. Nb3 Ba4 24. Qb1 Bxb3 25. axb3 a5 26. g4 g6 27. Rxd8 Rxd8 28. Qc2 Nc6 29. Bb5 Nd4 0-1

[Event "GER OS-177 email"]
[Site "GER email"]
[Date "2011.11.28"]
[Round "?"]
[White "Fischer, Bastian"]
[Black "Muller, Raymond"]
[Result "0-1"]
[WhiteElo "1564"]
[BlackElo "1593"]
[PlyCount "44"]
[EventDate "2011.12.06"]
[EventType "tourn (corr)"]
[EventRounds "6"]
[EventCountry "GER"]
[SourceTitle "Corr 2015"]
[Source "ChessBase"]
[SourceDate "2015.07.17"]
[SourceVersion "1"]
[SourceVersionDate "2015.07.17"]
[SourceQuality "1"]

1. e4 c5 2. Nf3 d6 3. d4 cxd4 4. Nxd4 Nf6 5. Nc3 a6 6. Bg5 e6 7. f4 Be7 8. Qf3 Qc7 9. 0-0-0 Nbd7 10. Be2 b5 11. Bxf6 Nxf6 12. a3 Rb8 13. e5 dxe5 14. Qc6+ Qxc6 15. Nxc6 Rb6 16. Nxe5 Bb7 17. Rd3 Nd5 18. Nxd5 Bxd5 19. Rc3 Bb7 20. Bf3 Bxf3 21. Rc8+ Bd8 22. Rd1 Bxd1 0-1